| 000 | 00342nam a2200121 a 4500 | ||
|---|---|---|---|
| 005 | 20140412111311.0 | ||
| 008 | 081020s19uu xx 00 eng d | ||
| 050 |
_aTR(GS 030 _bGu94 1991 |
||
| 245 |
_aEarly world of learning : _bGuide for parents and teachers. |
||
| 260 |
_bWorldbook International, _c1991. |
||
| 300 | _a47p. | ||
| 999 |
_c103971 _d103971 |
||